Представление документа в формате RUSMARC

ПолеНазваниеЗначение
  Тип записи a
  Библиографический уровень m
001 Контрольный номер RU/SLIB/B/225895014
005 Дата корректировки 20201206204456.6
010 Индекс ISBN __
a ISBN 5-94879-558-6
d Цена 207-20
101 Язык документа 0_
a Язык текста rus
c Язык оригинала rus
200 Заглавие и сведения об ответственности 0_
a Заглавие Комментарий к Уголовно-процессуальному кодексу Российской Федерации
f Первые сведения об ответственности [Агутин А. В. и др.] ; отв. ред. В. И. Радченко
b Общее обозначение материала Текст
205 Сведения об издании __
a Основные сведения об издании 2-е изд., перераб. и доп.
210 Выходные данные __
a Место издания М.
c Издательство Юрайт-Издат
d Дата издания 2006
215 Физическое описание __
a Объем 1124 с.
330 Аннотация __
a Аннотация Системность изложения материала, рассмотрение каждой нормы Кодекса с точки зрения проблем ее практического применения, глубокий анализ новых и традиционных институтов уголовного процесса.
605 Заглавие как предмет __
a Заглавие Уголовно-процессуальный кодекс Российской Федерации
606 Тематические рубрики __
a Основная рубрика Право
a Основная рубрика Уголовное процессуальное право
z Хронологическая подрубрика 21 в.
y Географическая подрубрика Россия
610 Ключевые слова __
a Ключевые слова уголовный процесс; суды; прокуратура; судопроизводство; возбуждение уголовных дел; прекращение уголовного дела; защита; обвинение; доказательства; доказывание; задержание; подозреваемые; меры пресечения; ходатайства; жалобы; обжалование; реабилитация; досудебное производство; предварительное следствие; осмотры; освидетельствование; следственные эксперименты; обыски; выемка; аресты; допросы; очные ставки; опознание; обвинительные заключения; суды первой инстанции; судебные заседания; судебные следствия; подсудимые; приговоры; мировые судьи; присяжные заседатели; апелляция; кассационное обжалование; пересмотр приговоров; принудительное лечение; международное сотрудничество; иностранные государства; комментарии; кодексы
686 Индексы других классификаций __
a Классификационный индекс 67.410.2(2Рос)-32
701 Альтернативная интеллектуальная ответственность _1
a Фамилия Алексеев
b Имя Л. Б.
4 Код отношения 070
701 Альтернативная интеллектуальная ответственность _1
a Фамилия Вандышев
b Имя В. В.
4 Код отношения 070
701 Альтернативная интеллектуальная ответственность _1
a Фамилия Егоров
b Имя К. С.
4 Код отношения 070
701 Альтернативная интеллектуальная ответственность _1
a Фамилия Малков
b Имя В. П.
4 Код отношения 070
702 Вторичная интеллектуальная ответственность _1
a Фамилия Радченко
b Имя В. И.
4 Код отношения Редактор
4 Код отношения 340
801 Источник записи _0
a Страна RU
b Организация Муниципальное бюджетное учреждение культуры "Централизованная библиотечная система" г. Сургут (Центральная городская библиотека им. А. С. Пушкина)
g Правила каталогизации КиК/Елгина
801 Источник записи _1
a Страна RU
b Организация Муниципальное бюджетное учреждение культуры "Централизованная библиотечная система" г. Сургут (Центральная городская библиотека им. А. С. Пушкина)
g Правила каталогизации КиК/Елгина
852 Данные о местонахождении __
j Шифр хранения 67.410.2(2Рос)-32
c Каталожный индекс 67.411(2Рос)
i Авторский знак К 63
901 Тип документа __
t Тип документа m
903 Характеристики (МАРС) __
a Дата передачи 20070315
990 Данные о заказе (DOS) __
j Количество экземпляров (DOS) 4
t N записи в КСУ для И/У (DOS) 200703